000 00922nam a2200241 i 4500
001 132393
003 ES-MaACL
005 20260601155229.0
007 t|
008 070214m19271935fr |||| | spa d
080 _a821.133.1-32"19"
100 1 _aRolland, Romain,
_d1866-1944
_9239240
245 1 3 _aEl alma encantada /
_cRomain Rolland ; versión española de A. Ballesteros de Martos de la 71 edición francesa.
246 1 _aAnita y Silvia
246 1 _aMadre e hijo
260 _aParis :
_bEdiciones Literarias,
_c1927-1935.
300 _a7 v. (4 t. en 7 v.) ;
_c19 cm.
505 8 _aContiene: I ;
_tAnita y Silvia - II ;
_tEl verano - III-1 ;
_tMadre e hijo - IV-1 ;
_tMadre e hijo - IV-2 ;
_tLa anunciadora (Anna Nuncia) - IV-3 ;
_tLa gestación - IV-4 ;
_tMayo florentino
700 1 _aBallesteros de Martos, Antonio.
_925052
740 3 2 _aEl verano.
852 _aES-MaACL
_jD-6161-67
999 _c132393
_d132393